Matemática financiera /

Guardado en:
Autor Principal: Tajani, Miguel M
Formato: Libro
Publicado: Buenos Aires : Cesarini, 1997
Edición:14a. ed.
Materias:
Etiquetas: Agregar Etiqueta
Sin Etiquetas, Sea el primero en etiquetar este registro!
LEADER 01361nam a22002655a 4500
001 CEM.cems006177
008 130507s1997##################000#0#####d
005 20241220092244.0
245 1 0 |a Matemática financiera /  |c Miguel M. Tajani 
250 |a 14a. ed. 
260 |a Buenos Aires :  |b Cesarini,  |c 1997 
300 |a 319 p. 
505 0 |a Porcentaje e interés simple -- Descuento comercial y matemático -- Interés compuesto -- Capitalización compuesta -- Descuento a interés compuesto -- Rentas ciertas -- Imposiciones a interés compuesto (rentas finales) -- Sistemas de amortización -- Formas especiales dadas a la amortización -- Empréstitos 
100 1 |a Tajani, Miguel M 
082 0 4 |a 511.8 
653 |a Matemática 
653 |a Matemática financiera 
859 |a CEMS  |b BIB. CEMS - 11 de abril  |h 511.8  |i T139a14  |p 6905.79  |t Ej.1 
859 |a CEMS  |b BIB. CEMS - 11 de abril  |h 511.8  |i T139a14  |p 6906.79  |t Ej.2 
859 |a CEMS  |b BIB. CEMS - 11 de abril  |h 511.8  |i T139a14  |p 6908.79  |t Ej.3 
859 |a CEMS  |b BIB. CEMS - 11 de abril  |h 511.8  |i T139a14  |p 6912.79  |t Ej.7 
859 |a CEMS  |b BIB. CEMS - 11 de abril  |h 511.8  |i T139a14  |p 6898.79  |t Ej.9 
859 |a CEMS  |b BIB. CEMS - 11 de abril  |h 511.8  |i T139a14  |p 6899.79  |t Ej.10 
859 |a CEMS  |b BIB. CEMS - 11 de abril  |h 511.8  |i T139a14  |p 6903.79  |t Ej.14 
859 |a CEMS  |b BIB. CEMS - 11 de abril  |h 511.8  |i T139a14  |p 6904.79  |t Ej.15